000 00714nam a2200289Ia 4500
005 20260324123726.0
008 008 260324s9999 xx 000 0 eng d
020 _a9781849775397
037 _aEBOOK
040 _aCRL
040 _beng
040 _cCRL
041 _2eng
041 _aeng
084 _qCRL
100 _aEvyatar Erell; David Pearlmutter; Terence Williamson
_91171418
245 0 _aUrban Microclimate
245 0 _bDesigning the Spaces Between Buildings
260 _bTaylor and Francis
260 _c2011
365 _a
365 _b230
856 _uhttp://www.taylorfrancis.com/books/9781849775397
942 _cEBOOK
999 _c1765177
_d1765177